Normal view
MARC view
Entry Personal Name
001 - CONTROL NUMBER
- control field: 17790
003 - CONTROL NUMBER IDENTIFIER
- control field: BD-RjUL
005 - DATE AND TIME OF LATEST TRANSACTION
- control field: 20260225095156.0
008 - FIXED-LENGTH DATA ELEMENTS
- fixed length control field: 260225|| aca||aabn | a|a d
040 ## - CATALOGING SOURCE
- Original cataloging agency: BD-RjUL
- Transcribing agency: BD-RjUL
100 ## - HEADING--PERSONAL NAME
- Personal name: Stewart, W. D. P.
- Fuller form of name: (William Duncan Patterson),
- Dates associated with a name: 1935-
670 ## - SOURCE DATA FOUND
- Source citation: Work cat.: (BD-RjUL)86208: Nitrogen fixation by free-living micro-organisms /, 1975,2011